000 00604 a2200181 4500
999 _c7936
_d7936
020 _a9780421947801
050 _aKD7869 CLA 2007
100 _a Clarkson, C. M. V.
_eauthor
245 _aClarkson and Keating criminal law :
_b text and materials /
_cC M V Clarkson; Heather M Keating; Sally R Cunningham
264 _aLondon :
_bSweet & Maxwell,
_c2007.
300 _alxi, 932 pages ; 24 cm
440 _aCriminal law
500 _aPrevious edition: 2003. lncludes index
650 _a Criminal law.
_xBritain
700 _aKeating, HM
700 _aCunningham S.R
942 _2lcc
_cBK
_h7869
_iCLA
_kKD